| 000 | 00617nam a2200193 a 4500 | ||
|---|---|---|---|
| 005 | 20240925064151.0 | ||
| 008 | 991125s1956 bue 000 0 spa u | ||
| 035 | _aUPN01000023832 | ||
| 049 | _aCG | ||
| 050 | 4 |
_aBF721 _bP3.38 |
|
| 100 | 1 | _aParkhurst, Helen | |
| 245 | 1 | 0 |
_aExploración del mundo infantil / _cHelen Parkhurst ; tr. Felipe Alberto Mantero. |
| 260 |
_aBuenos Aires : _bKapelusz, _c1956. |
||
| 300 | _a280 p., [4] h. de láms. : | ||
| 440 | 0 |
_aBiblioteca de cultura pedagógica ; _v44 |
|
| 534 |
_pTraducción de: _tExploeing the child's world |
||
| 650 | 4 |
_aNiño, Estudio del _9221 |
|
| 905 | _aLibro | ||
| 999 |
_c23832 _d23832 |
||